| 000 | 00552nam a2200193Ia 4500 | ||
|---|---|---|---|
| 008 | 120906t1990 xxu||||| |||| 00| 0 sin d | ||
| 041 | _asin | ||
| 080 |
_a8-31 (Japan) _bMIS |
||
| 100 | _aMishima,Yukio | ||
| 245 | _aරළපෙරළිය | ||
| 246 | _aRalaperaliya | ||
| 260 |
_aSamanala Publishers _aKelaniya _c1990 |
||
| 300 | _b183p, ill, 18 cm | ||
| 500 | _aSinhalese Translation of Yukio Mishima's of The Sound Of Waves | ||
| 700 |
_aWimalasena,Jayantha _etr. |
||
| 942 | _cBK | ||
| 999 |
_c40000 _d40000 |
||
| 003 | LK-CoDNM | ||
| 040 |
_aLK-CoDNM _dLK-CoDNM _eLK-CoDNM |
||